De la libertad política en Inglaterra desde 1485 hasta 1689 : (Record no. 151401)

MARC details
000 -LEADER
campo de control de longitud fija 01400nam a2200301 i 4500
001 - NÚMERO DE CONTROL
campo de control 151401
003 - IDENTIFICADOR DE NÚMERO DE CONTROL
campo de control ES-MaACL
005 - FECHA Y HORA DE LA ÚLTIMA TRANSACCIÓN
campo de control 20240425063224.0
008 - DATOS DE LONGITUD FIJA--INFORMACIÓN GENERAL
campo de control de longitud fija 931025m18711875sp |||| | spa d
040 ## - FUENTE DE CATALOGACIÓN
Centro/agencia transcriptor ES-MaACL
080 ## - NÚMERO DE LA CLASIFICACIÓN DECIMAL UNIVERSAL
Número de la Clasificación Decimal Universal 321.01(410.1)
100 1# - ENTRADA PRINCIPAL--NOMBRE DE PERSONA
Nombre de persona Casa de Valencia, Emilio Alcalá Galiano y Valencia,
Títulos y otros términos asociados al nombre Conde de,
Fechas asociadas al nombre 1831-1914
9 (RLIN) 19462
Término indicativo de función/relación Autor
245 10 - MENCIÓN DEL TÍTULO
Título De la libertad política en Inglaterra desde 1485 hasta 1689 :
Resto del título lecciones pronunciadas en el Ateneo de Madrid /
Mención de responsabilidad, etc. por el vizconde del Pontón.
260 ## - PUBLICACIÓN, DISTRIBUCIÓN, ETC.
Lugar de publicación, distribución, etc. Madrid :
Nombre del editor, distribuidor, etc. [s.n.],
Fecha de publicación, distribución, etc. 1871-1875
Fabricante (Imp. de T. Fortanet)
300 ## - DESCRIPCIÓN FÍSICA
Extensión 3 volúmenes ;
Dimensiones 19 cm.
505 8# - NOTA DE CONTENIDO CON FORMATO
Nota de contenido con formato I. Desde 1481 hasta 1689 (XI, 296 p.) -- II. Desde 1689 hasta 1837 (XII, 460 p.) -- III. En la época presente (XI, 387 p.)
530 ## - NOTA DISPONIBLE DE FORMULARIO FÍSICO ADICIONAL
Nota de formato físico adicional disponible Disponible en formato digital
610 24 - PUNTO DE ACCESO ADICIONAL DE MATERIA--NOMBRE DE ENTIDAD CORPORATIVA
Nombre de entidad corporativa o nombre de jurisdicción como elemento de entrada Ateneo de Madrid-
Subdivisión de forma Conferencias-
Subdivisión cronológica S.XIX.
9 (RLIN) 1910
650 #0 - PUNTO DE ACCESO ADICIONAL DE MATERIA--TÉRMINO DE MATERIA
9 (RLIN) 235953
Término de materia o nombre geográfico como elemento de entrada Libertad política-
Subdivisión geográfica Inglaterra
651 #7 - PUNTO DE ACCESO ADICIONAL DE MATERIA--NOMBRE GEOGRÁFICO
Nombre geográfico Gran Bretaña-
Subdivisión general Historia-
9 (RLIN) 156031
Subdivisión cronológica 1485-1603 (Casa de Tudor)
651 #0 - PUNTO DE ACCESO ADICIONAL DE MATERIA--NOMBRE GEOGRÁFICO
Nombre geográfico Gran Bretaña-
Subdivisión general Historia-
9 (RLIN) 235954
Subdivisión cronológica 1603-1714 (Casa de Estuardo)
852 4# - LOCALIZACIÓN
Ubicación ES-MaACL
Ubicación en estantería Sala Valle Inclán
Número de control de estantería D-4217-19
852 4# - LOCALIZACIÓN
Ubicación ES-MaACL
Ubicación en estantería Depósito 2
Partes que faltan Sólo v. 1
Número de control de estantería G-4237
Nota libre
856 4# - LOCALIZACIÓN Y ACCESO ELECTRÓNICOS
Identificador Uniforme de Recursos <a href="http://bdh-rd.bne.es/viewer.vm?id=0000286015&page=1">http://bdh-rd.bne.es/viewer.vm?id=0000286015&page=1</a>
Texto de enlace Versión en línea
Nota pública (Biblioteca Digital Hispánica)
942 ## - ELEMENTOS DE ENTRADA SECUNDARIOS (KOHA)
Tipo de ítem Koha Libro impreso antiguo
Suprimir en OPAC No
Holdings
Estatus retirado Estado de pérdida Fuente del sistema de clasificación o colocación Estado de daño No para préstamo Colección Biblioteca de origen Biblioteca actual Ubicación en estantería Fecha de adquisición Enumeración/cronología de publicación seriada Total de préstamos Signatura topográfica completa Código de barras Visto por última vez Tipo de ítem Koha
    Clasificación decimal universal     Fondo Ateneo de Madrid Biblioteca del Ateneo de Madrid Biblioteca del Ateneo de Madrid Depósito 2 25/04/2012 Vol. 1   G-4237 1189287 23/02/2023 Libro impreso antiguo
    Clasificación decimal universal     Fondo Ateneo de Madrid Biblioteca del Ateneo de Madrid Biblioteca del Ateneo de Madrid Sala Valle Inclán 17/01/2008     D-4217-19 901157966 23/02/2023 Libro impreso antiguo